000 01453nam a2200229 a 4500
005 20260322212012.0
008 data
099 _aDVD 742
100 1 _aWyatt, Rupert,; 1972-
245 1 0 _aRise of the planet of the apes.
_cTwentieth Century Fox presents, in association with Dune Entertainment ; a Chernin Entertainment production ; produced by Peter Chernin, Dylan Clark ... [et al.] ; written by Rick Jaffa & Amanda Silver ; directed by Rupert Wyatt. Editors, Conrad Buff and Mark Goldblatt ; music by Patrick Doyle ; director of photography, Andrew Lesnie.
250 _aWidescreen.
260 _aBeverly Hills, Calif. :
_bTwentieth Century Fox Home Entertainment,
_c2011.
300 _aDVD video 1 videodisc (105 min.) : sd., col. ;
_b4 3/4 in.
500 _aOriginally released as a motion picture in 2011./ Participants: James Franco, Freida Pinto, John Lithgow, Brian Cox, Tom Tom Felton, David Oyelowo, Andy Serkis./ Audience: MPAA rating: PG-13; for intense and frightening sequences of action and violence./ CHV rating: PG; for violence, frightening scenes, and not recommended for young children.
520 _aDuring experiments to find a cure for Alzheimer's disease, a genetically-enhanced chimpanzee uses its greater intelligence to lead other apes to freedom.
650 0 _aScience fiction films
700 1 _aChernin, Peter,; 1951-
700 1 _aClark, Dylan.
700 1 _aJaffa, Rick.
700 1 _aSilver, Amanda.
001 data
999 _c253
_d253